CHILD GROWTH AND DEVELOPMENT (Record no. 10415)

MARC details
000 -LEADER
fixed length control field 00416nam a22001817a 4500
003 - CONTROL NUMBER IDENTIFIER
control field OSt
005 - DATE AND TIME OF LATEST TRANSACTION
control field 20211007135349.0
008 - FIXED-LENGTH DATA ELEMENTS--GENERAL INFORMATION
fixed length control field 211007b |||||||| |||| 00| 0 eng d
020 ## - INTERNATIONAL STANDARD BOOK NUMBER
International Standard Book Number 0697391345
040 ## - CATALOGING SOURCE
Transcribing agency HU
082 ## - DEWEY DECIMAL CLASSIFICATION NUMBER
Classification number 155.405/CHI
100 ## - MAIN ENTRY--PERSONAL NAME
Personal name ELLEN N. JUNN
9 (RLIN) 11281
245 ## - TITLE STATEMENT
Title CHILD GROWTH AND DEVELOPMENT
250 ## - EDITION STATEMENT
Edition statement 5TH
260 ## - PUBLICATION, DISTRIBUTION, ETC.
Place of publication, distribution, etc. AMERICA
Name of publisher, distributor, etc. HILL
Date of publication, distribution, etc. 1997
300 ## - PHYSICAL DESCRIPTION
Extent 229P
942 ## - ADDED ENTRY ELEMENTS (KOHA)
Source of classification or shelving scheme Dewey Decimal Classification
Koha item type Books like text book referance book
Suppress in OPAC No
Holdings
Withdrawn status Lost status Source of classification or shelving scheme Damaged status Not for loan Home library Current library Shelving location Date acquired Total Checkouts Full call number Barcode Date last seen Copy number Price effective from Koha item type
    Dewey Decimal Classification     Social Library Social Library General Stacks 10/07/2021   155.405/CHI SHLIB00000859 10/07/2021 1 10/07/2021 Books like text book referance book
    Dewey Decimal Classification     Social Library Social Library General Stacks 10/07/2021   155.405/CHI SHLIB00000858 10/07/2021 2 10/07/2021 Books like text book referance book
    Dewey Decimal Classification     Social Library Social Library General Stacks 10/07/2021   155.405/CHI SHLIB00000857 10/07/2021 3 10/07/2021 Books like text book referance book